[Event "AUTO-OPEN-2173"]
[Site "http://www.queenalice.com/game.php?id=862015"]
[Date "2010.11.21"]
[Round "1"]
[White "vautrien"]
[Black "Putamen19"]
[Result "1-0"]
[WhiteElo "1520"]
[BlackElo "1609"]

1. Nf3 d5 2. d4 Nf6 3. Nc3 c6 4. Bf4 Nbd7 5. h3 g6 6. e3 Bg7 7. Bd3 Nb6 8. O-O
O-O 9. Qd2 Re8 10. e4 Be6 11. e5 Nh5 12. Bh6 Bxh6 13. Qxh6 Nc4 14. Ng5 f6 15.
Qxh7+ 1-0

[Event "AUTO-INT-1903"]
[Site "http://www.queenalice.com/game.php?id=874352"]
[Date "2010.12.20"]
[Round "1"]
[White "Putamen19"]
[Black "william_1987br"]
[Result "0-1"]
[WhiteElo "1549"]
[BlackElo "1682"]

1. e4 e5 2. Nf3 Nc6 3. Bb5 Bd6 4. O-O a6 5. Bxc6 bxc6 6. Re1 Nf6 7. c3 c5 8. d4
c4 9. dxe5 Bxe5 10. Nxe5 d5 11. exd5 Qxd5 12. Qxd5 Nxd5 13. Nxc4+ Be6 14. Bf4
Nxf4 15. Nbd2 O-O 16. Rad1 Nd3 17. Re3 Rad8 18. Ne5 Nxb2 19. Rb1 Rxd2 20. Nf3
Rc2 21. Nd4 Rd2 0-1

[Event "AUTO-INT-1903"]
[Site "http://www.queenalice.com/game.php?id=874353"]
[Date "2010.12.20"]
[Round "1"]
[White "william_1987br"]
[Black "Putamen19"]
[Result "1-0"]
[WhiteElo "1665"]
[BlackElo "1641"]

1. e4 e5 2. Nf3 Nc6 3. g3 Nf6 4. Nc3 Bb4 5. Nd5 O-O 6. c3 Bc5 7. b4 Bb6 8. a4
Ne7 9. Bc4 Ng4 10. d4 Nxd5 11. Bxd5 exd4 12. cxd4 Qf6 13. e5 Qf5 14. a5 c6 15.
axb6 cxd5 16. bxa7 Re8 17. Bf4 d6 18. h3 dxe5 19. hxg4 exf4+ 20. Ne5 Qe4+ 21.
Qe2 Qxh1+ 22. Qf1 Qxf1+ 23. Kxf1 fxg3 24. f4 f5 25. g5 Re7 26. Ra5 1-0

[Event "Challenge"]
[Site "http://www.queenalice.com/game.php?id=882884"]
[Date "2011.1.7"]
[Round "-"]
[White "Putamen19"]
[Black "Sylvan"]
[Result "0-1"]
[WhiteElo "1610"]
[BlackElo "1636"]

1. e4 e5 2. Nf3 Nc6 3. Bb5 a6 4. Ba4 b5 5. Bb3 Nf6 6. Nc3 Be7 7. O-O O-O 8. Re1
Na5 9. Bd5 c6 10. Bb3 d6 11. d4 b4 12. Na4 Bg4 13. dxe5 Bxf3 14. Qxf3 dxe5 15.
Be3 Nxb3 16. cxb3 Rb8 17. Nc5 Qa5 18. a3 Bxc5 19. axb4 Qxb4 20. Bxc5 Qxc5 21.
Rec1 Qb6 0-1

[Event "Challenge"]
[Site "http://www.queenalice.com/game.php?id=883698"]
[Date "2011.1.9"]
[Round "-"]
[White "Andrei_78"]
[Black "Putamen19"]
[Result "1-0"]
[WhiteElo "1689"]
[BlackElo "1656"]

1. e4 e5 2. Nf3 Nc6 3. a3 Bc5 4. Nc3 Qf6 5. Bc4 Nge7 6. O-O O-O 7. b4 Bd4 8.
Nxd4 exd4 9. Nb5 Ne5 10. Nxc7 Rb8 11. Bb2 Nxc4 12. Bc1 Qf4 13. d3 Qxc7 14. dxc4
Qxc4 15. Bf4 Ra8 16. Be5 Nc6 17. Bd6 Re8 18. Re1 b6 19. Bg3 Bb7 20. Qg4 Rad8 21.
Bc7 Ne5 22. Bxe5 Rxe5 23. Rac1 Rde8 24. f3 Qc3 25. Qxd7 R5e7 26. Qa4 f5 27. h3
Qc6 28. b5 Qc5 29. Qxa7 d3+ 30. Kh1 d2 31. Qa4 dxc1=Q 32. Rxc1 fxe4 33. Qb3+ Bd5
34. c4 exf3 35. Rd1 fxg2+ 36. Kh2 Qd6+ 37. Qg3 Qxg3+ 38. Kxg3 Bxc4 39. Kxg2 Bxb5
40. Rd6 Re2+ 41. Kg3 R8e3+ 42. Kf4 Kf8 43. Rxb6 Bd7 44. Rb8+ Kf7 45. Rb7 Ke6 46.
Rb6+ 1-0

[Event "Challenge"]
[Site "http://www.queenalice.com/game.php?id=884163"]
[Date "2011.1.10"]
[Round "-"]
[White "sovietico_1953"]
[Black "Putamen19"]
[Result "1-0"]
[WhiteElo "1788"]
[BlackElo "1607"]

1. e4 e5 2. Qh5 Nf6 3. Qxe5+ Be7 4. Nc3 Nc6 5. Qf4 O-O 6. Bd3 d5 7. e5 Nh5 8.
Qf3 g6 9. h3 Nxe5 10. Qe2 Nxd3+ 11. Qxd3 Bf5 12. Qf3 Ng7 13. Nge2 c6 14. d3 Ne6
15. Bh6 Re8 16. O-O Bf6 17. Nd1 Qb6 18. c3 1-0

[Event "Challenge"]
[Site "http://www.queenalice.com/game.php?id=884167"]
[Date "2011.1.10"]
[Round "-"]
[White "Andrei_78"]
[Black "Putamen19"]
[Result "1-0"]
[WhiteElo "1635"]
[BlackElo "1651"]

1. e4 e5 2. Nf3 Nc6 3. Bb5 Nf6 4. Bxc6 dxc6 5. Nxe5 Nxe4 6. O-O Bc5 7. Qf3 Qd5
8. Nc3 Qxe5 9. d3 Nxc3 10. bxc3 O-O 11. d4 Bxd4 12. Bf4 Bxf2+ 13. Qxf2 Qxc3 14.
Bxc7 Re8 15. Qxf7+ Kh8 16. Qxe8# 1-0

[Event "Challenge"]
[Site "http://www.queenalice.com/game.php?id=893421"]
[Date "2011.1.30"]
[Round "-"]
[White "denisaugusto09"]
[Black "Putamen19"]
[Result "1-0"]
[WhiteElo "1751"]
[BlackElo "1587"]

1. e4 e5 2. Qh5 Nf6 3. Qxe5+ Be7 4. Nc3 Nc6 5. Qf4 Bd6 6. Qe3 O-O 7. Bb5 a6 8.
Bxc6 dxc6 9. Nf3 Re8 10. d3 Bb4 11. Bd2 Bxc3 12. Bxc3 Bg4 13. Ne5 Qd6 14. f3 Be6
15. Qg5 h6 16. Qg3 Bd7 17. Nxd7 1-0

[Event "Challenge"]
[Site "http://www.queenalice.com/game.php?id=893615"]
[Date "2011.1.31"]
[Round "-"]
[White "Putamen19"]
[Black "TIMM"]
[Result "0-1"]
[WhiteElo "1595"]
[BlackElo "1703"]

1. e4 d5 2. exd5 Qxd5 3. Nc3 Qe6+ 4. Be2 Qg6 5. Nf3 Qxg2 6. Rg1 Qh3 7. Nd5 Na6
8. Bxa6 Qe6+ 9. Qe2 Qxd5 10. Bc4 Qd6 11. Ng5 e6 12. Qf3 f6 13. Ne4 Qxh2 14. Rh1
Qe5 15. Rh5 f5 16. Qe3 g6 17. Rg5 Bh6 0-1

[Event "AUTO-INT-1865"]
[Site "http://www.queenalice.com/game.php?id=899470"]
[Date "2011.2.12"]
[Round "2"]
[White "Putamen19"]
[Black "rayan10"]
[Result "0-1"]
[WhiteElo "1598"]
[BlackElo "1870"]

1. e4 e5 2. Nf3 Nf6 3. Nxe5 Qe7 4. d4 d6 5. Nf3 Nxe4 6. Be3 g6 7. Bc4 Be6 8.
Bxe6 Qxe6 9. O-O Bg7 10. Nbd2 Nxd2 11. Qxd2 O-O 12. Qb4 b6 13. Rfe1 c5 14. dxc5
dxc5 0-1

[Event "AUTO-INT-1865"]
[Site "http://www.queenalice.com/game.php?id=899471"]
[Date "2011.2.12"]
[Round "2"]
[White "rayan10"]
[Black "Putamen19"]
[Result "1-0"]
[WhiteElo "1835"]
[BlackElo "1593"]

1. e4 e5 2. Nf3 Nc6 3. Bb5 Nf6 4. d3 d6 5. h3 g6 6. Be3 Bg7 7. O-O O-O 8. Bxc6
bxc6 9. Nc3 Ba6 10. Re1 d5 11. Bg5 dxe4 12. Nxe4 Rb8 13. b3 c5 14. Nxe5 Qd5 15.
Nxf6+ Bxf6 16. Bxf6 Bb7 17. Nf3 1-0